000 00615nam a2200241Ia 4500
003 OSt
005 20221005123230.0
006 a|||||r|||| 00| 0
007 ta
008 221004b |||||||| |||| 00| 0 mar d
024 _a40931
037 _cTextual
040 _aCRL
_cCRL
_bmar
041 _2mar
_amar
082 _aO155,3M96,36, K8
100 _aFadkey N.C. Au.
245 0 _aKuni kode majhay uklil ka
260 _c1968
300 _a159p.
_ccm.
650 _aMARATHI LITERATURE
_938000
942 _hO155,3M96,36, K8
_cTEXL
_2cc
999 _c1046784
_d1046784